Online katalóg knižníc regiónu Turca

Macocha (Record no. 22168)

MARC details
000 -LEADER
fixed length control field 01648cam a2200445 a 4500
001 - CONTROL NUMBER
control field 22168
003 - CONTROL NUMBER IDENTIFIER
control field VRT
005 - DATE AND TIME OF LATEST TRANSACTION
control field 20260321111129.0
008 - FIXED-LENGTH DATA ELEMENTS--GENERAL INFORMATION
fixed length control field 240315s2010 si g 000 f slo
015 ## - NATIONAL BIBLIOGRAPHY NUMBER
National bibliography number SNBA2012/04-02282
020 ## - INTERNATIONAL STANDARD BOOK NUMBER
International Standard Book Number 9788055123332
Qualifying information (viaz.)
035 ## - SYSTEM CONTROL NUMBER
System control number 8305BB6D-E036-4D5A-B9FA-6169306A398A
035 ## - SYSTEM CONTROL NUMBER
System control number urn:nbn:sk:snk-amle0d
035 ## - SYSTEM CONTROL NUMBER
System control number urn:nbn:sk:snk-am008zis
039 #9 - LEVEL OF BIBLIOGRAPHIC CONTROL AND CODING DETAIL [OBSOLETE]
Level of rules in bibliographic description 202403152004
Level of effort used to assign nonsubject heading access points VLOAD
Level of effort used to assign subject headings 202002241123
Level of effort used to assign classification AUTHORITY
Level of effort used to assign subject headings 202002241116
Level of effort used to assign classification AUTHORITY
Level of effort used to assign subject headings 201808090955
Level of effort used to assign classification VLOAD
040 ## - CATALOGING SOURCE
Original cataloging agency SVKBB
Language of cataloging slo
Transcribing agency SVKBB
Modifying agency SNK
Description conventions AACR2
041 1# - LANGUAGE CODE
Language code of text/sound track or separate title slo
Language code of original eng
044 ## - COUNTRY OF PUBLISHING/PRODUCING ENTITY CODE
MARC country code xo
ISO country code SK
072 #7 - SUBJECT CATEGORY CODE
Subject category code 821.111-3
Subject category code subdivision Anglická próza, anglicky písaná
Source konspekt
080 ## - UNIVERSAL DECIMAL CLASSIFICATION NUMBER
Universal Decimal Classification number 821.111-31
Edition identifier 2001
100 1# - MAIN ENTRY--PERSONAL NAME
Personal name Adams, Carrie,
Dates associated with a name 1970-
Relationship aut
240 10 - UNIFORM TITLE
Uniform title Stepmother
Language of a work Slovensky
245 10 - TITLE STATEMENT
Title Macocha
Statement of responsibility, etc. Carrie Adamsová ;[z anglického originálu preložila Elvíra Haugová]
250 ## - EDITION STATEMENT
Edition statement [1. vyd.]
260 ## - PUBLICATION, DISTRIBUTION, ETC.
Place of publication, distribution, etc. Bratislava
Name of publisher, distributor, etc. Ikar
Date of publication, distribution, etc. 2010
300 ## - PHYSICAL DESCRIPTION
Extent 398 s.
Dimensions 21 cm
500 ## - GENERAL NOTE
General note Voľné pokračovanie skvelého románu Krstná
655 #7 - INDEX TERM--GENRE/FORM
Genre/form data or focus term anglické romány
Source of term SNKPH
655 #7 - INDEX TERM--GENRE/FORM
Genre/form data or focus term English fiction
Source of term SNKPHeng
700 1# - ADDED ENTRY--PERSONAL NAME
Personal name Haugová, Elvíra,
Dates associated with a name 1972-
Relationship trl
942 ## - ADDED ENTRY ELEMENTS (KOHA)
Source of classification or shelving scheme Dewey Decimal Classification
Koha item type Krásna literatúra pre dospelých
Suppress in OPAC No
949 ## - LOCAL PROCESSING INFORMATION (OCLC)
6 273K0519923
a svkpoA 208975
b svkpo528050
949 ## - LOCAL PROCESSING INFORMATION (OCLC)
6 17A0687286
a snkSC 143167 D1
b snk2011/2333
o 2560/10
s 6100:20210923
949 ## - LOCAL PROCESSING INFORMATION (OCLC)
6 2889165819
a savukPV 14245
b savuk2010/6168
949 ## - LOCAL PROCESSING INFORMATION (OCLC)
6 17A0682265
a snkSC 143167
b snk2010/27188
o 2560/10
949 ## - LOCAL PROCESSING INFORMATION (OCLC)
6 3869A19770
a bpksh821.111-31
b bpksh60069
949 ## - LOCAL PROCESSING INFORMATION (OCLC)
6 270001000364367
a svkbbA 129775
b svkbbm 713657
980 ## - EQUIVALENCE OR CROSS-REFERENCE-SERIES STATEMENT--PERSONAL NAME/TITLE [LOCAL, CANADA]
Personal name 821.111-31
Holdings
Stav vyradenia Strata Poškodenie Spôsob nadobudnutia Domovská knižnica Aktuálna knižnica Dátum nadobudnutia Cena Total checkouts Čiarový kód exemplára Date last seen Typ exemplára
      Kúpa Obecná knižnica Horná Štubňa Obecná knižnica Horná Štubňa 21.03.2026 6.45   9788055123332 21.03.2026 Krásna literatúra pre dospelých
Projekt je podporený Slovenskou asociáciou knižníc
Prevádzkuje Turčianska knižnica Martin 2026